000 00889nam a2200301Ia 4500
003 OSt
005 20250818144321.0
008 210210b2012 xxu||||| |||| 00| 0 eng d
020 _a978-8184672701
040 _cAL
041 _aeng
082 _a398.4K INDT
100 _aINDIRA HEGDE
_9139516
_dಇಂದಿರಾ ಹೆಗ್ಗಡೆ
110 _aIndira Heggade
_9139517
245 _aTuluvara mulatana: adi alade parampare mattu parivartane
_bತುಳುವರ ಮೂಲತಾನ ಆದಿ ಆಲಡೆ
260 _aBengaluru
_bNavakaranataka Prakashana
_c2012
300 _a408
650 _aTuLuvara
_9139518
650 _aparivartane
_9139519
650 _aParampare
_9139520
650 _amUlatAna:
_9139521
650 _amattu
_9139522
650 _aAlaDe
_9139523
650 _aAdi
_9139524
690 _aFolklore
_9139525
906 _a067311
942 _2ddc
_cBK
999 _c149708
_d149708